| 000 | 00703nam a2200193Ia 4500 | ||
|---|---|---|---|
| 003 | GCL | ||
| 008 | 140319s9999 xx 000 0 ara d | ||
| 040 |
_aGCL / _cGCL |
||
| 082 | 0 | 4 |
_a338.9 _bم ت |
| 100 | 1 | _aمحمد رئيف مسعد عبده | |
| 245 | 1 | 0 |
_aتطور الهيكل الاقتصادى واستراتيجية التنمية فى المملكة العربية السعودية / _cمحمد رئيف مسعد عبده |
| 260 |
_a[S.N] : _bمعهد البحوث والدراسات العربية ، _c1988 |
||
| 300 | _a126 ص | ||
| 490 | _a | ||
| 650 | 0 | 4 | _aالاقتصاد |
| 650 | 0 | 4 | _aالتنمية |
| 650 | 0 | 4 | _aالمملكة العربية السعودية |
| 942 |
_2ddc _cBK |
||
| 999 |
_c31721 _d31721 |
||